| 000 | 00980 a2200205 4500 | ||
|---|---|---|---|
| 001 | 61682 | ||
| 005 | 20260407155907.0 | ||
| 008 | 260407a1978 arg spa d | ||
| 003 | AR-UNSa-BCEJYS | ||
| 040 |
_aAR-UNSa-BCEJYS _bspa _cAR-UNSa-BCEJYS |
||
| 080 |
_a347.74 _xContratos mercantiles (comerciales...leasing)) |
||
| 245 | 1 | 0 |
_aLeasing _pAspectos jurídicos, contables, impositivos y operativos |
| 264 | 1 |
_aBuenos Aires : _bCangallo _c1978 |
|
| 300 |
_a349 p. _c23 cm. |
||
| 505 | _a1. Nociones introductorias – 2. Análisis de la institución – 3. Nuestro ordenamiento legal – 4. Preliminares de la operación – 5. Iniciación y terminación de la operación – 6. Consideraciones jurídicas – 7. Régimen de la contabilización – 8. Tratamiento impositivo – 9. Modelos de contratos y papeles de trabajo – 10. Legislación comparada. | ||
| 041 | _aspa | ||
| 942 | _cBK | ||
| 590 | _aniveau_biblio:m niveau_hierar:0 | ||
| 100 | 1 | _aBarreira Delfino, Eduardo A. | |
| 999 |
_c7358 _d7358 |
||